Ročné zúčtovanie preddavkov na daň z príjmov zo závislej činnosti a funkčných požitkov za rok 1995 Daňové A B C

Vysporiadanie daňovej povinnosti za rok 1995. Ročné zúčtovanie preddavkov na daň z príjmov zo závislej činnosti a funkčných požitkov.

Enregistré dans:
Détails bibliographiques
Auteur principal: Piršelová, Dagmar
Format: Chapitre de livre
Langue:slovaque
Sujets:
Tags: Ajouter un tag
Pas de tags, Soyez le premier à ajouter un tag!

MARC

LEADER 00000naa a2200000 4500
001 r019457
005 20230912103219.3
041 0 |a slo 
044 |a SK 
245 1 0 |a Ročné zúčtovanie preddavkov na daň z príjmov zo závislej činnosti a funkčných požitkov za rok 1995  |b Daňové A B C  |c Dagmar Piršelová 
520 |a Vysporiadanie daňovej povinnosti za rok 1995. Ročné zúčtovanie preddavkov na daň z príjmov zo závislej činnosti a funkčných požitkov. 
610 2 0 |a dane z príjmov 
610 2 0 |a preddavky 
610 2 0 |a zúčtovanie 
610 2 0 |a 1995 
100 1 |a Piršelová, Dagmar